000 00786nam a2200217 a 4500
001 000025881
005 20200930024125.0
008 110223s1979 ag r 000 0 spa d
040 _aDO-SdBNP
_bspa
_cBNPHU
082 _aNNN
_bW515p
100 1 _aWesson, Robert G.
_952737
240 1 0 _aForeign policy for a new age.
_lEspañol.
245 1 0 _aPolítica exterior para una nueva era /
_cRobert G. Wesson ; traducción de Rubén Masera ; prólogo Eduardo A. Roca.
260 _aBuenos Aires, (Argentina) :
_bEdiciones Troquel,
_c1979.
300 _a448, [6] p. :
_bil., ;
_c22 cm.
504 _aIncluye bibliografía
534 _aTítulo original:
_tForeign policy for a new age.
700 1 _aRoca, Eduardo A.
_epról.
_952738
700 1 _aMasera, Rubén
_etr.
_944590
049 _aBNGR
999 _c25373
_d25373